00314nam a2200133Ia 4500003000400000005001700004008004100021020001900062040002700081100001500108245002600123260002200149260000900171OSt20240203114324.0170523s9999 xx 000 0 und d a978-9353162184 ciimt university meerut aKHAN- JAIN 0aFINANCIAL MANAGEMENT bTATA MC GRAW HILL c1995